000 01037nam a2200217 i 4500
001 163023
003 ES-MaACL
005 20230906212642.0
008 931025s1850 sp |||| | spa d
080 _a5:061.22(460.27 M.)
110 2 _aAcademia de Ciencias Naturales (Madrid)
_9143767
245 1 0 _aResumen de las actas de la Academia Real de Ciencias de Madrid en el año de 1849 a 1850, leído en la sesión del día 11 de octubre /
_cpor el secretario perpetuo... Mariano Lorente.
260 _aMadrid :
_b[s.n.],
_c1850 (
_fAguado)
300 _a39 p. ;
_c21 cm.
530 _aDisponible en formato digital.
610 2 4 _aAcademia de Ciencias Naturales (Madrid)-
_vMemorias.
_9143768
700 1 _aLorente, Mariano.
_974107
710 2 _aReal Academia de Ciencias Exactas, Físicas y Naturales de España.
_9175635
852 4 _aES-MaACL
_jT-34-F-11
_z- Enc. hol., falto de cub. original
_z- Enc. en un vol. facticio
856 4 _uhttps://patrimoniodigital.ucm.es/s/patrimonio/item/599165
_zPatrimonio Digital Complutense
999 _c163023
_d163023